موسوعة المسابقات الثقافية 5000 سؤال وجواب / (رقم التسجيلة. 91023)
[ عرض عادي ]
| 000 -LEADER | |
|---|---|
| fixed length control field | 00642nam a22001937a 4500 |
| 005 - DATE AND TIME OF LATEST TRANSACTION | |
| control field | 20251108172904.0 |
| 008 - FIXED-LENGTH DATA ELEMENTS--GENERAL INFORMATION | |
| fixed length control field | 250721s2004 xx 000 0 ara d |
| 082 14 - DEWEY DECIMAL CLASSIFICATION NUMBER | |
| Classification number | م/031/مرس |
| 100 1# - MAIN ENTRY--PERSONAL NAME | |
| Personal name | مرسى، محمد سعيد |
| 245 10 - TITLE STATEMENT | |
| Title | موسوعة المسابقات الثقافية 5000 سؤال وجواب / |
| 264 1# - PRODUCTION, PUBLICATION, DISTRIBUTION, MANUFACTURE, AND COPYRIGHT NOTICE | |
| Place of production, publication, distribution, manufacture | القاهرة : |
| Name of producer, publisher, distributor, manufacturer | مؤسسة إقرأ للنشر و التوزيع، |
| Date of production, publication, distribution, manufacture, or copyright notice | 2004. |
| 300 ## - PHYSICAL DESCRIPTION | |
| Extent | 687 ص. |
| 650 17 - SUBJECT ADDED ENTRY--TOPICAL TERM | |
| Topical term or geographic name as entry element | المسابقات |
| 650 17 - SUBJECT ADDED ENTRY--TOPICAL TERM | |
| Topical term or geographic name as entry element | الثقافة |
| 650 17 - SUBJECT ADDED ENTRY--TOPICAL TERM | |
| Topical term or geographic name as entry element | الأسئلة و الأجوبة |
| 700 1# - ADDED ENTRY--PERSONAL NAME | |
| Personal name | إبراهيم، قاسم عبد الله |
| 942 ## - ADDED ENTRY ELEMENTS (KOHA) | |
| Source of classification or shelving scheme | Dewey Decimal Classification |
| Koha item type | مراجع |
| حالة السحب | حالة الفقدان | مصدر التصنيف | حالة التلف | غير قابل للإعارة | المكتبة الرئيسية | المكتبة الحالية | موقع الرف | تاريخ التزويد | الرقم المتسلسل | Total Checkouts | رقم الإستدعاء | الباركود | تاريخ آخر ظهور | تاريخ الفاتورة | نوع المادة (كوها) |
|---|---|---|---|---|---|---|---|---|---|---|---|---|---|---|---|
| Dewey Decimal Classification | Not For Loan | المكتبة المركزية | المكتبة المركزية | مقتنيات قسم التزويد | 28/07/2025 | 799551 | م/031/مرس | 799551 | 28/07/2025 | 28/07/2025 | مراجع | ||||
| Dewey Decimal Classification | Not For Loan | المكتبة المركزية | المكتبة المركزية | مقتنيات قسم التزويد | 28/07/2025 | 799552 | م/031/مرس | 799552 | 28/07/2025 | 28/07/2025 | مراجع | ||||
| Dewey Decimal Classification | Not For Loan | مكتبة أبو علندا العامة | مكتبة أبو علندا العامة | مراجع | 28/07/2025 | 799558 | م/031/مرس | 799558 | 28/07/2025 | 28/07/2025 | مراجع | ||||
| Dewey Decimal Classification | Not For Loan | مكتبة الأميرة ايمان العامة | مكتبة الأميرة ايمان العامة | مراجع | 28/07/2025 | 799554 | م/031/مرس | 799554 | 28/07/2025 | 28/07/2025 | مراجع | ||||
| Dewey Decimal Classification | Not For Loan | مكتبة الحسن العامة | مكتبة الحسن العامة | مراجع | 28/07/2025 | 799556 | م/031/مرس | 799556 | 28/07/2025 | 28/07/2025 | مراجع | ||||
| Dewey Decimal Classification | Not For Loan | مكتبة حمزة العامة | مكتبة حمزة العامة | مراجع | 28/07/2025 | 799557 | م/031/مرس | 799557 | 28/07/2025 | 28/07/2025 | مراجع | ||||
| Dewey Decimal Classification | Not For Loan | مكتبة صويلح العامة | مكتبة صويلح العامة | مراجع | 28/07/2025 | 799555 | م/031/مرس | 799555 | 28/07/2025 | 28/07/2025 | مراجع |